Kurangkan ketegangan dan tekanan dalam diri anda

Bibliographic Details
Main Author: SHERINA
Format: Book
Published: Kuala Lumpur : Golden Books Centre , 1995
Series:Siri motivasi
Subjects:

MARC

LEADER 00000cam a2200000 7i4500
001 0000000158
005 20000711.0
020 0 0 |a 9837201711 
090 0 0 |a 153.8   |b SHE 1995 
100 0 0 |a SHERINA 
245 1 0 |a Kurangkan ketegangan dan tekanan dalam diri anda   |c Sherina 
260 0 0 |a Kuala Lumpur :   |b Golden Books Centre ,   |c 1995 
300 |a 99 p. ;   |c 19 cm. 
440 0 0 |a Siri motivasi 
650 0 0 |a Attitude (Psychology) 
650 0 0 |a Success 
999 |a 0000001287   |b Monograph   |c Open Shelf   |e Default branch